000 00407nam a2200133Ia 4500
008 100328s9999 xx 000 0 und d
082 _b38930
100 _aदेवकर चंद्रकांत
245 _aवादळातील नौका
260 _bराहुल
630 _aवादळातील नौका
730 _aवादळातील नौका
942 _cBOOK
999 _c528004
_d528001